Psychology applied to work : (Record no. 698)

000 -LEADER
fixed length control field 01151cam a22003614a 4500
003 - CONTROL NUMBER IDENTIFIER
control field CaAEU
005 - DATE AND TIME OF LATEST TRANSACTION
control field 20210616112045.0
008 - FIXED-LENGTH DATA ELEMENTS--GENERAL INFORMATION
fixed length control field 041216s2006 caua b 001 0 eng
020 ## - INTERNATIONAL STANDARD BOOK NUMBER
International Standard Book Number 0534607810 (student ed. : hbk.)
020 ## - INTERNATIONAL STANDARD BOOK NUMBER
International Standard Book Number 0495006815 (intl. student ed.)
040 ## - CATALOGING SOURCE
Transcribing agency DLC
042 ## - AUTHENTICATION CODE
Authentication code pcc
049 ## - LOCAL HOLDINGS (OCLC)
Holding library UABA
050 00 - LIBRARY OF CONGRESS CALL NUMBER
Classification number HF5548.8
Item number .M756 2006
090 ## - LOCALLY ASSIGNED LC-TYPE CALL NUMBER (OCLC); LOCAL CALL NUMBER (RLIN)
Classification number (OCLC) (R) ; Classification number, CALL (RLIN) (NR) HF 5548.8 M946 2006
Local cutter number (OCLC) ; Book number/undivided call number, CALL (RLIN) AEU
100 1# - MAIN ENTRY--PERSONAL NAME
Personal name Muchinsky, Paul M.
245 10 - TITLE STATEMENT
Title Psychology applied to work :
Remainder of title an introduction to industrial and organizational psychology /
Statement of responsibility, etc. Paul M. Muchinsky.
250 ## - EDITION STATEMENT
Edition statement 8th ed.
260 ## - PUBLICATION, DISTRIBUTION, ETC.
Place of publication, distribution, etc. Belmont, CA :
Name of publisher, distributor, etc. Thomson/Wadsworth,
Date of publication, distribution, etc. c2006.
300 ## - PHYSICAL DESCRIPTION
Extent xxii, 554 p. :
Other physical details ill. ;
Dimensions 24 cm.
336 ## - CONTENT TYPE
Content type term text
Content type code txt
Source rdacontent
337 ## - MEDIA TYPE
Media type term unmediated
Media type code n
Source rdamedia
338 ## - CARRIER TYPE
Carrier type term volume
Carrier type code nc
Source rdacarrier
504 ## - BIBLIOGRAPHY, ETC. NOTE
Bibliography, etc. note Includes bibliographical references (p. 491-528) and indexes.
650 #0 - SUBJECT ADDED ENTRY--TOPICAL TERM
Topical term or geographic name entry element Psychology, Industrial.
650 #0 - SUBJECT ADDED ENTRY--TOPICAL TERM
Topical term or geographic name entry element Organizational behavior.
942 ## - ADDED ENTRY ELEMENTS (KOHA)
Source of classification or shelving scheme
Koha item type Book
Suppress in OPAC DO
949 ## - LOCAL PROCESSING INFORMATION (OCLC)
h UAHS-B
i 0162023157520
Holdings
Withdrawn status Lost status Source of classification or shelving scheme Damaged status Not for loan Permanent Location Current Location Shelving location Date acquired Total Checkouts Full call number Barcode Date last seen Price effective from Koha item type Public note
          AU LIBRARY AU LIBRARY Open Shelf 16.06.2021   HF5548.8 .M756 2006 28002546 16.06.2021 16.06.2021 Book DO

Powered by Koha